| 000 | 00757nam a2200241 4500 | ||
|---|---|---|---|
| 003 | OSt | ||
| 005 | 20240730041721.0 | ||
| 006 | a | ||
| 008 | 240730b |||||||| |||| 00| 0 eng d | ||
| 020 | _a9780071289412 | ||
| 040 |
_aDWCL-Main lib. _cOC |
||
| 082 |
_aCirc. 658.4012 M322m 2011 _2Second edition |
||
| 100 | _aMarcus, Alfred A. | ||
| 245 | _aManagement strategy : achieving sustained competitive advantage / | ||
| 250 | _aSecond edition | ||
| 260 |
_aN.Y. : _bMcGraw-Hill/Irwin, _cc2011. |
||
| 300 |
_axxi, _b231 p. : ill. ; _c24 cm. |
||
| 504 | _aIncludes bibliographical reference & index. | ||
| 650 | _a1. Strategic planning. | ||
| 650 | _a2. Management. | ||
| 650 | _a3. Competition. | ||
| 942 |
_2ddc _n0 _cBK-CIRC _kCirc. _eSecond edition |
||
| 999 |
_c2944 _d2944 |
||